000 00350nam a2200157Ia 4500
005 20250603145742.0
008 250603s9999 xx 000 0 und d
020 _a978303698x
050 _aPN 4781 .A66/
100 _aApooyin, Biodun
245 0 _aSpecialized reporting
250 _a2nd ed.
260 _c2011
300 _a162 p
942 _cBK
999 _c42750
_d42750